000 00586cam a22002291a 4500
001 he 68004442
003 DLC
005 20260227111508.0
008 920624s1967 is a 000 0 hebr
010 _ahe 68004442
035 _a(OCoLC)26079570
040 _aDLC
_cCLU
_dDLC
042 _apremarc
050 0 0 _aPZ90.H3
_bK4
110 1 _aYifʻat (Israel)
245 1 0 _aKevutsat Ayalah :
_bmaḥzor 19.
260 _a[Yifʻat?,
_c1967]
300 _a24 p. :
_bill. ;
_c25 cm.
500 _aCover title.
500 _aPartially vocalized.
650 0 _aChildren's stories, Hebrew.
999 _c34100
_d34100